书目信息 |
| 题名: |
计算机科学概论
|
|
| 作者: | 戴尔, , 刘易斯, 著 | |
| 分册: | ||
| 出版信息: | 北京 机械工业出版社 2005.08 |
|
| 页数: | xxvi, 565页 | |
| 开本: | 25cm | |
| 丛书名: | 经典原版书库 | |
| 单 册: | ||
| 中图分类: | TP3 | |
| 科图分类: | ||
| 主题词: | 计算机科学--ji suan ji ke xue--英文 | |
| 电子资源: | ||
| ISBN: | 7-111-15553-X | |
| 000 | 01381nam 2200301 450 | |
| 001 | 012006017500 | |
| 005 | 20060306144453.07 | |
| 010 | @a7-111-15553-X@dCNY49.00 | |
| 100 | @a20060306d2005 km y0chiy0120 ea | |
| 101 | 0 | @aeng@gchi |
| 102 | @aCN@b110000 | |
| 105 | @aak a 001yy | |
| 200 | 1 | @a计算机科学概论@Aji suan ji ke xue gai lun@d= Computer science illuminated@fNell Dale, John Lewis著.@FNell Dale,John Lewis zhu.@zeng |
| 210 | @a北京@c机械工业出版社@d2005.08 | |
| 215 | @axxvi, 565页@c图@d25cm | |
| 225 | 2 | @a经典原版书库@Ajing dian yuan ban shu ku |
| 314 | @a责任者(Dale)、(Lewis)规范汉译姓分别为:戴尔,刘易斯。 | |
| 320 | @a有书目 (第667-674页)和索引。 | |
| 324 | @aReprint. Originally published:,Sudbury, Mass. : Jones and Bartlett Publishers, c2004.,2nd ed.,0763707996 (paperback) | |
| 330 | @a本书采用大量最新素材,全面介绍计算机科学领域的基础知识。本书由当今该领域备受赞誉且经验丰富的教育家Nell Dale和John Lewis共同编写。就整体而言,全书内容翔实、覆盖面广,旨在向读者展示计算机科学的全貌;从细节上看,本书层次清晰、描述生动。 | |
| 410 | 0 | @12001 @a经典原版书库 |
| 510 | 1 | @aComputer science illuminated@zeng |
| 606 | 0 | @a计算机科学@Aji suan ji ke xue@x英文 |
| 690 | @aTP3@v4 | |
| 701 | 1 | @a戴尔,@Adai er,@bN.@g(Dale, Nell)@4著 |
| 701 | 1 | @a刘易斯,@Aliu yi si,@bJ.@g(Lewis, John)@4著 |
| 801 | 0 | @aCN@bQSSK@c20060306 |
| 905 | @a10447@dTP3@eD107 | |
| 计算机科学概论= Computer science illuminated/Nell Dale, John Lewis著.-北京:机械工业出版社,2005.08 |
| xxvi, 565页:图;25cm.-(经典原版书库) |
| ISBN 7-111-15553-X:CNY49.00 |
| 本书采用大量最新素材,全面介绍计算机科学领域的基础知识。本书由当今该领域备受赞誉且经验丰富的教育家Nell Dale和John Lewis共同编写。就整体而言,全书内容翔实、覆盖面广,旨在向读者展示计算机科学的全貌;从细节上看,本书层次清晰、描述生动。 |
| ● |
| 相关链接 |
|
|
|
正题名:计算机科学概论
索取号:TP3/D107
 
预约/预借
| 序号 | 登录号 | 条形码 | 馆藏地/架位号 | 状态 | 备注 |
| 1 | 554586 | 205545864 | 自科库301/301自科库 43排5列2层/ [索取号:TP3/D107] | 在馆 | |
| 2 | 554587 | 205545873 | 自科库301/301自科库 43排5列2层/ [索取号:TP3/D107] | 在馆 |